000 00634nam a2200241Ia 4500
003 OSt
005 20220924131905.0
006 a|||||r|||| 00| 0
007 ta
008 220923b |||||||| |||| 00| 0 tel d
020 _c6.00
024 _a335714
037 _cTextual
040 _aARTS
_cARTS
_btel
041 _2tel
_atel
082 _a035,3NKA1,13, M0
100 _aKalasagar Au.
245 0 _aPelli evariki
260 _aVijayawada
_bNavajyothi publications
_c1980
650 _aTELUGU FICTION
942 _h035,3NKA1,13, M0
_cTEXL
_2CC
999 _c428556
_d428556